US, Canada, Australia, & UK States, Provinces, etc. + Capitals - Statistics

General Stats
  • This quiz has been taken 110 times
  • The average score is 91 of 150
Answer Stats
Answer Answer % Correct
England London
85%
England
80%
Northern Ireland
80%
Ontario
80%
Quebec
80%
Quebec Quebec City
80%
Wales
80%
British Columbia
79%
Scotland
79%
Alberta
77%
Texas
77%
Alabama
75%
Alaska
75%
Australian Capital Territory Canberra
75%
Newfoundland and Labrador
75%
British Columbia Victoria
75%
Arizona
74%
Colorado
74%
Scotland Edinburgh
74%
New York
74%
Nova Scotia
74%
Prince Edward Island
74%
Saskatchewan
74%
Western Australia
74%
California
72%
Indiana
72%
Kentucky
72%
Northwest Territories
72%
Nunavut
72%
Ohio
72%
New South Wales Sydney
72%
Arkansas
70%
Florida
70%
Georgia
70%
Hawaii
70%
Idaho
70%
Maine
70%
Manitoba
70%
Queensland
70%
South Carolina
70%
Washington
70%
Wyoming
70%
Yukon
70%
Iowa
69%
Maryland
69%
Minnesota
69%
Mississippi
69%
New South Wales
69%
North Carolina
69%
North Dakota
69%
Oregon
69%
Pennsylvania
69%
South Australia
69%
South Dakota
69%
Ontario Toronto
69%
Vermont
69%
Wales Cardiff
67%
Illinois
67%
Massachusetts
67%
Michigan
67%
Missouri
67%
New Hampshire
67%
New Mexico
67%
Western Australia Perth
67%
Tennessee
67%
Delaware
66%
Kansas
66%
Montana
66%
Nevada
66%
New Brunswick
66%
Rhode Island
66%
Tasmania
66%
Virginia
66%
West Virginia
66%
Northern Ireland Belfast
64%
Connecticut
64%
Nebraska
64%
New Jersey
64%
Oklahoma
64%
Wisconsin
64%
Louisiana
62%
Victoria Melbourne
62%
Northern Territory
61%
Utah
61%
Arizona Phoenix
59%
South Australia Adelaide
57%
Queensland Brisbane
57%
Colorado Denver
57%
Australian Capital Territory
56%
Texas Austin
54%
Nova Scotia Halifax
54%
Hawaii Honolulu
54%
Alabama Montgomery
54%
California Sacramento
54%
Georgia Atlanta
52%
Louisiana Baton Rouge
52%
Massachusetts Boston
52%
Alaska Juneau
52%
Northern Territory Darwin
51%
Alberta Edmonton
51%
New York Albany
49%
Idaho Boise
49%
Nevada Carson City
49%
Wyoming Cheyenne
49%
Indiana Indianapolis
49%
Mississippi Jackson
49%
Arkansas Little Rock
49%
Ohio Columbus
48%
Iowa Des Moines
48%
Tasmania Hobart
48%
Rhode Island Providence
48%
Virginia Richmond
48%
New Mexico Santa Fe
48%
Florida Tallahassee
48%
Maine Augusta
46%
Delaware Dover
46%
Connecticut Hartford
46%
Vermont Montpelier
46%
Tennessee Nashville
46%
Oklahoma Oklahoma City
46%
North Carolina Raleigh
46%
Saskatchewan Regina
46%
Utah Salt Lake City
46%
Illinois Springfield
46%
Newfoundland and Labrador St. John's
46%
Manitoba Winnipeg
46%
North Dakota Bismarck
44%
West Virginia Charleston
44%
South Carolina Columbia
44%
Kentucky Frankfort
44%
Montana Helena
44%
Michigan Lansing
44%
South Dakota Pierre
44%
Oregon Salem
44%
Minnesota St. Paul
44%
New Jersey Trenton
44%
Northwest Territories Yellowknife
44%
Maryland Annapolis
43%
Nunavut Iqaluit
43%
Washington Olympia
43%
Kansas Topeka
43%
Pennsylvania Harrisburg
41%
Wisconsin Madison
41%
Prince Edward Island Charlottetown
39%
New Hampshire Concord
39%
Missouri Jefferson City
39%
Nebraska Lincoln
39%
Yukon Whitehorse
39%
New Brunswick Fredericton
36%
No matching quizzes found
Score Distribution
Percent of People with Each Score
Percentile by Number Answered
Your Score History
You have not taken this quiz